<?xml version="1.0" encoding="UTF-8"?><?xml-stylesheet type="text/xsl" href="static/style.xsl"?><OAI-PMH xmlns="http://www.openarchives.org/OAI/2.0/" xmlns:xsi="http://www.w3.org/2001/XMLSchema-instance" xsi:schemaLocation="http://www.openarchives.org/OAI/2.0/ http://www.openarchives.org/OAI/2.0/OAI-PMH.xsd"><responseDate>2026-04-18T07:33:08Z</responseDate><request verb="GetRecord" identifier="oai:www.recercat.cat:2099/15118" metadataPrefix="marc">https://recercat.cat/oai/request</request><GetRecord><record><header><identifier>oai:recercat.cat:2099/15118</identifier><datestamp>2025-07-16T22:29:47Z</datestamp><setSpec>com_2072_1033</setSpec><setSpec>col_2072_452949</setSpec></header><metadata><record xmlns="http://www.loc.gov/MARC21/slim" xmlns:dcterms="http://purl.org/dc/terms/" xmlns:xsi="http://www.w3.org/2001/XMLSchema-instance" xmlns:doc="http://www.lyncode.com/xoai" xsi:schemaLocation="http://www.loc.gov/MARC21/slim http://www.loc.gov/standards/marcxml/schema/MARC21slim.xsd">
   <leader>00925njm 22002777a 4500</leader>
   <datafield ind2=" " ind1=" " tag="042">
      <subfield code="a">dc</subfield>
   </datafield>
   <datafield ind2=" " ind1=" " tag="720">
      <subfield code="a">Poza-Luján, José-Luis</subfield>
      <subfield code="e">author</subfield>
   </datafield>
   <datafield ind2=" " ind1=" " tag="720">
      <subfield code="a">Calafate, Carlos T.</subfield>
      <subfield code="e">author</subfield>
   </datafield>
   <datafield ind2=" " ind1=" " tag="720">
      <subfield code="a">Posadas-Yagüe, Juan-Luis</subfield>
      <subfield code="e">author</subfield>
   </datafield>
   <datafield ind2=" " ind1=" " tag="720">
      <subfield code="a">Cano, Juan-Carlos</subfield>
      <subfield code="e">author</subfield>
   </datafield>
   <datafield ind2=" " ind1=" " tag="260">
      <subfield code="c">2013-07-10</subfield>
   </datafield>
   <datafield ind2=" " ind1=" " tag="520">
      <subfield code="a">El actual marco para los estudios de Grado han supuesto&#xd;
una reformulación de las metodologías docentes&#xd;
basadas en el aprendizaje y la adquisición de&#xd;
competencias. En este escenario, la evaluación debiera&#xd;
valorar tanto la asimilación de conocimientos&#xd;
como el desarrollo de competencias que la instrucción&#xd;
persigue. En trabajos previos ha quedado patente&#xd;
que un sistema de evaluación continua cumple con&#xd;
ambos objetivos. Sin embargo, no es menos cierto&#xd;
que estos mismos estudios han dejado de lado la&#xd;
evaluación del esfuerzo requerido para su implementación.&#xd;
En esta comunicación, analizamos y evaluamos&#xd;
el esfuerzo que supone, para el profesorado, la&#xd;
implementación de la evaluación continua en la&#xd;
asignatura “Fundamentos de Computadores”, troncal&#xd;
de primer curso del Grado en Ingeniería Informática&#xd;
de la Escuela Técnica Superior de Ingeniería Informática,&#xd;
Universitat Politècnica de València. La experiencia,&#xd;
desarrollada a lo largo de 2 años académicos e&#xd;
implementados en ambos cursos en un grupo piloto&#xd;
de 60 alumnos, cuantifica el incremento real de la&#xd;
carga de trabajo del profesor ante diferentes estrategias&#xd;
de evaluación continua, relacionando éstas con la&#xd;
mejora obtenida en los resultados de los alumnos.</subfield>
   </datafield>
   <datafield ind2=" " ind1=" " tag="520">
      <subfield code="a">SUMMARY -- The current scenario for undergraduate studies has led&#xd;
to a reformulation of teaching methodologies based&#xd;
not only on learning, but also on skills and competences.&#xd;
In this scenario, the assessment process&#xd;
should accomplish both the assimilation of&#xd;
knowledge and the development of skills. Previous&#xd;
works demonstrated that continuous assessment is&#xd;
able to meet both objectives. However, those studies&#xd;
do not evaluate and quantify the additional effort&#xd;
required to implement such strategies. In this paper,&#xd;
we assess the additional instructors’ effort required&#xd;
when implementing continuous assessment. Our&#xd;
study involved the "Computer Fundamentals" course,&#xd;
a course in the first academic year of the Computer&#xd;
Engineering Degree at Computer Engineering at the&#xd;
Engineering Computing School of the Universitat&#xd;
Politècnica de València. The experience was implemented&#xd;
during two consecutive courses in a pilot&#xd;
group of 60 students, and it quantifies the instructors’&#xd;
workload increase under different continuous assessment&#xd;
strategies, and how they affect the overall&#xd;
students’ grades.</subfield>
   </datafield>
   <datafield tag="653" ind2=" " ind1=" ">
      <subfield code="a">Àrees temàtiques de la UPC::Informàtica</subfield>
   </datafield>
   <datafield tag="653" ind2=" " ind1=" ">
      <subfield code="a">Àrees temàtiques de la UPC::Ensenyament i aprenentatge</subfield>
   </datafield>
   <datafield tag="653" ind2=" " ind1=" ">
      <subfield code="a">Computer science -- Study and teaching</subfield>
   </datafield>
   <datafield tag="653" ind2=" " ind1=" ">
      <subfield code="a">Evaluación continua</subfield>
   </datafield>
   <datafield tag="653" ind2=" " ind1=" ">
      <subfield code="a">Evaluación formativa</subfield>
   </datafield>
   <datafield tag="653" ind2=" " ind1=" ">
      <subfield code="a">Esfuerzo del profesor</subfield>
   </datafield>
   <datafield tag="653" ind2=" " ind1=" ">
      <subfield code="a">Informàtica -- Ensenyament</subfield>
   </datafield>
   <datafield ind2="0" ind1="0" tag="245">
      <subfield code="a">Evaluación continua: análisis cuantitativo del esfuerzo del profesor versus el rendimiento del alumno</subfield>
   </datafield>
</record></metadata></record></GetRecord></OAI-PMH>